000 00793nam a2200217 a 4500
001 71157
003 BD-RjUL
005 20211209082101.0
008 170427s1977 bg a|||| |||| 00| 0 ben d
035 _a(BD-RjUL)71372
040 _aBD-RjUL
_beng
_cBD-RjUL
041 _aeng
082 _223
_a592
_bBHA 1977
100 1 _aভূঁইয়া, আবদুল হাকিম
_9210535
245 1 0 _aঅমেরুদন্ডী প্রাণীর কথা /
_cআবদুল হাকিম ভূঁইয়া
260 _aঢাকা :
_bবাংলা একাডেমী,
_c১৯৭৭.
300 _a৪১২ পৃ. :
_bচিত্র ;
_c২০ সেমি.
650 _aঅমেরুদণ্ডী
_9144413
650 _aInvertebrates
_9210536
942 _2ddc
_cBK
999 _c71157
_d71157